00238nam a2200097Ia 4500008004100000100002000041245002600061260002900087942000700116999001700123190216s9999||||xx |||||||||||||| ||und|| aRay Krishna Das 0aHindi-Ikkis Kahaniyam bMac Millian And Com. Ltd cBK c17569d17569